| 000 | 00463nam a22001697a 4500 | ||
|---|---|---|---|
| 003 | NUST - PNEC | ||
| 005 | 20170116181151.0 | ||
| 008 | 151124b xxu||||| |||| 00| 0 eng d | ||
| 020 | _a0333930088 | ||
| 040 | _cLIBRARY | ||
| 082 | _a956.101 SAD | ||
| 100 |
_915401 _aSadiq, Mohammad |
||
| 245 |
_aThe Turkish revolution : a perspective of ideological change in Turkey _cMohammad Sadiq |
||
| 260 | _cc1997. | ||
| 650 |
_915402 _a- _xGeneral |
||
| 942 |
_2ddc _cBK |
||
| 999 |
_c70939 _d70939 |
||